000 01387cam a2200397 a 4500
005 20260322212053.0
008 data
010 _a 97038878
020 _a0679891188 (trade)
020 _a0679991182 (lib. bdg.)
020 _a9780679891185 (trade)
020 _a9780679991182 (lib. bdg.)
040 _aDLC
_cDLC
_dDLC
042 _alcac
043 _ae-ur-ru
_ae-ur-ru
050 0 0 _aDK41
_b.M965 1998
082 0 0 _a947
_221
092 _a947 Mur 1998
100 1 _aMurrell, Kathleen Berton.
245 1 0 _aRussia /
_cKathleen Berton Murrell & Andy Crawford.
250 _a1st American ed.
260 _aNew York :
_bAlfred A. Knopf,
_c1998.
300 _a59 p. :
_bcol. ill. ;
_c29 cm.
490 0 _aEyewitness books ;
_vv. 73
500 _aIncludes index.
520 _aAn overview of the land, people, history, and culture of Russia from its earliest days to the present.
651 0 _aRussia
_xJuvenile literature.
_xJuvenile literature.
651 0 _aSoviet Union
_xJuvenile literature.
_xJuvenile literature.
651 0 _aRussia (Federation)
_xJuvenile literature.
_y1991-
_xJuvenile literature.
651 1 _aRussia
_xHistory.
651 1 _aSoviet Union
_xHistory.
651 1 _aRussia (Federation)
_xHistory.
700 1 _aCrawford, Andy,
_eill.
856 4 2 _3Publisher description
_uhttp://www.loc.gov/catdir/description/random0410/97038878.html
001 data
999 _c1263
_d1263